000 005720000a22002050004500
003 LK-CoMWRAF
005 20231106110445.0
008 230817t1990 ||||| |||| 00| 0 eng d
020 _a0803932103
040 _aLK-CoMWRAF
_dLK-CoMWRAF
_eLK-CoMWRAF
041 _aeng
082 _a361.323
_bPEA
100 _aPearson, Richard E.
245 _aCounseling and social support:
_bperspectives and practices
260 _aNew Delhi:
_bSage,
_c1990
300 _a271 pages ; 22 cm.
_bBibliography included
650 _aCOUNSELING
650 _aSocial networks
942 _cBK
999 _c1248
_d1248